| 000 | 00368nam a22001457a 4500 | ||
|---|---|---|---|
| 999 |
_c7825 _d7825 |
||
| 003 | OSt | ||
| 005 | 20200522145709.0 | ||
| 008 | 200522b ||||| |||| 00| 0 eng d | ||
| 020 | _a3764359277 | ||
| 082 | _a720.92DIE | ||
| 110 | _a Winking, Bernhard | ||
| 245 | _aBernhard Winking : Architektur und Stadt = Architecture and city | ||
| 260 | _bBirkhäuser | ||
| 942 | _2ddc | ||